|
|
|
|
| LEADER |
01672cas a2200253 a 4500 |
| 001 |
AALejournalIMF007429 |
| 008 |
230101c9999 xx r poo 0 0eng d |
| 020 |
|
|
|c 5.00 USD
|
| 020 |
|
|
|z 9781451853308
|
| 022 |
|
|
|a 1018-5941
|
| 040 |
|
|
|a BD-DhAAL
|c BD-DhAAL
|
| 100 |
1 |
|
|a Thimann, Christian.
|
| 245 |
1 |
0 |
|a Saving in Southeast Asia and Latin America Compared :
|b Searching for Policy Lessons /
|c Christian Thimann, Anuradha Dayal-Gulati.
|
| 264 |
|
1 |
|a Washington, D.C. :
|b International Monetary Fund,
|c 1997.
|
| 300 |
|
|
|a 1 online resource (25 pages)
|
| 490 |
1 |
|
|a IMF Working Papers
|
| 500 |
|
|
|a <strong>Off-Campus Access:</strong> No User ID or Password Required
|
| 500 |
|
|
|a <strong>On-Campus Access:</strong> No User ID or Password Required
|
| 506 |
|
|
|a Electronic access restricted to authorized BRAC University faculty, staff and students
|
| 520 |
3 |
|
|a This paper examines empirical determinants of private saving for a sample of economies in Southeast Asia and Latin America over the period 1975-95. It uses panel estimations to establish relationships between private saving rates and a range of policy and nonpolicy variables. The findings show that fiscal policy, particularly social security arrangements, influence private saving; also macroeconomic stability and financial deepening appear to have been important in accounting for differences in saving behavior between the two regions.
|
| 538 |
|
|
|a Mode of access: Internet
|
| 700 |
1 |
|
|a Dayal-Gulati, Anuradha.
|
| 830 |
|
0 |
|a IMF Working Papers; Working Paper ;
|v No. 1997/110
|
| 856 |
4 |
0 |
|z Full text available on IMF
|u http://elibrary.imf.org/view/journals/001/1997/110/001.1997.issue-110-en.xml
|z IMF e-Library
|